| 000 -LEADER | |
|---|---|
| fixed length control field | 00611nam a22001937a 4500 |
| 005 - DATE AND TIME OF LATEST TRANSACTION | |
| control field | 20250420134824.0 |
| 008 - FIXED-LENGTH DATA ELEMENTS--GENERAL INFORMATION | |
| fixed length control field | 211116b ||||| |||| 00| 0 eng d |
| 020 ## - INTERNATIONAL STANDARD BOOK NUMBER | |
| International Standard Book Number | 9780521479714 |
| 040 ## - CATALOGING SOURCE | |
| Transcribing agency | KCST |
| 082 ## - DEWEY DECIMAL CLASSIFICATION NUMBER | |
| Classification number | 808.042 |
| Item number | Gr Wr |
| 100 ## - MAIN ENTRY--PERSONAL NAME | |
| Personal name | Grellet, Françoise |
| 9 (RLIN) | 5579 |
| 245 ## - TITLE STATEMENT | |
| Title | Writing for advanced learners of English / |
| Statement of responsibility, etc. | Françoise Grellet |
| 260 ## - PUBLICATION, DISTRIBUTION, ETC. | |
| Place of publication, distribution, etc. | Cambridge : |
| Name of publisher, distributor, etc. | Cambridge University Press, |
| Date of publication, distribution, etc. | 1996. |
| 300 ## - PHYSICAL DESCRIPTION | |
| Extent | 136 p. |
| 650 ## - SUBJECT ADDED ENTRY--TOPICAL TERM | |
| Topical term or geographic name entry element | English language |
| Form subdivision | Textbooks for foreign speakers. |
| 9 (RLIN) | 4734 |
| 650 ## - SUBJECT ADDED ENTRY--TOPICAL TERM | |
| Topical term or geographic name entry element | Written communication |
| Form subdivision | Study and teaching (Higher). |
| 9 (RLIN) | 5580 |
| 942 ## - ADDED ENTRY ELEMENTS (KOHA) | |
| Koha item type | Book |
| 942 ## - ADDED ENTRY ELEMENTS (KOHA) | |
| Source of classification or shelving scheme | Dewey Decimal Classification |
| Withdrawn status | Lost status | Source of classification or shelving scheme | Damaged status | Not for loan | Home library | Current library | Date acquired | Cost, normal purchase price | Total checkouts | Full call number | Barcode | Date last seen | Cost, replacement price | Price effective from | Koha item type |
|---|---|---|---|---|---|---|---|---|---|---|---|---|---|---|---|
| Dewey Decimal Classification | KCST Library | KCST Library | 16/11/2021 | 7.53 | 808.042 Gr Wr | 1000000959 | 16/11/2021 | 7.53 | 16/11/2021 | Book | |||||
| Dewey Decimal Classification | KCST Library | KCST Library | 16/11/2021 | 7.53 | 808.042 Gr Wr | 1000000960 | 16/11/2021 | 7.53 | 16/11/2021 | Book | |||||
| Dewey Decimal Classification | KCST Library | KCST Library | 16/11/2021 | 7.53 | 808.042 Gr Wr | 1000000961 | 16/11/2021 | 7.53 | 16/11/2021 | Book |